[Event "Challenge"]
[Site "http://www.queenalice.com/game.php?id=1479606"]
[Date "2017.5.24"]
[Round "-"]
[White "recchdegomm1"]
[Black "pcapell"]
[Result "0-1"]
[WhiteElo "1266"]
[BlackElo "1429"]

1. e4 Nc6 2. Nc3 e5 3. Bc4 Nh6 4. a3 Nd4 5. b4 d6 6. h3 Be7 7. h4 Be6 8. d3 Qd7
9. Bb5 c6 10. Bc4 d5 11. Bb3 dxe4 12. Qh5 Ng4 13. f3 g6 14. Qxg4 Bxg4 15. fxg4
e3 16. Bxe3 Qxg4 17. Rc1 Qxg2 0-1

[Event "Challenge"]
[Site "http://www.queenalice.com/game.php?id=1481845"]
[Date "2017.6.10"]
[Round "-"]
[White "WLAO"]
[Black "pcapell"]
[Result "1-0"]
[WhiteElo "1564"]
[BlackElo "1449"]

1. b3 d5 2. d4 Bf5 3. Ba3 Qd7 4. Nd2 Nc6 5. Ngf3 b5 6. Bc5 Nf6 7. Nh4 Bg4 8.
Ndf3 g6 9. g3 Bh6 10. Bg2 Qe6 11. O-O Nd7 12. c3 O-O 13. b4 Nxc5 14. bxc5 b4 15.
cxb4 Nxb4 16. Qa4 Nc6 17. Rad1 g5 18. Ne5 Nxe5 19. dxe5 Qxe5 20. Nf3 Qe6 21.
Rfe1 Qe4 22. Qb3 Rab8 23. Qa3 Bg7 24. Nxg5 Qf5 25. Rxd5 Qf6 26. e4 Bh6 27. Nf3
e6 28. Rd7 Rfc8 29. c6 Rb6 30. Rc1 Rcb8 31. Rf1 Rb1 32. Rxb1 Rxb1+ 33. Bf1 Bxf3
34. Qxa7 e5 35. Qxc7 Rc1 36. Qc8+ Kg7 37. Rd8 Qe7 38. Rg8+ Kf6 39. h4 Qe6 40.
Qxe6+ Kxe6 41. Rc8 Rc2 42. c7 Be2 43. Bxe2 Kd7 44. Ra8 Rxc7 45. Bb5+ Kd6 46.
Ra6+ Ke7 47. Rxh6 Rc1+ 48. Kg2 Re1 49. Rxh7 Rxe4 50. Bc6 Re2 51. a4 Rc2 52. Bb5
e4 53. Rh8 e3 54. Re8+ Kf6 55. Rxe3 Ra2 56. Rf3+ Ke7 57. Re3+ Kf8 58. Re8+ Kg7
59. h5 Kh6 60. Rh8+ Kg7 61. Re8 f6 62. g4 Kh6 63. Rg8 Kh7 64. Rg6 1-0

[Event "Challenge"]
[Site "http://www.queenalice.com/game.php?id=1482521"]
[Date "2017.6.16"]
[Round "-"]
[White "pcapell"]
[Black "dejami"]
[Result "0-1"]
[WhiteElo "1453"]
[BlackElo "1764"]

1. e4 e5 2. Nf3 Qf6 3. Bc4 h6 4. d3 g5 5. O-O Nc6 6. Nc3 Qd8 7. Be3 Nge7 8. Nd5
Ng6 9. Qd2 a6 10. d4 g4 11. Nxe5 Ngxe5 12. dxe5 Nxe5 13. Qd4 d6 14. Rad1 c5 15.
Qc3 Bg7 16. Bb3 Nf3+ 0-1

[Event "Challenge"]
[Site "http://www.queenalice.com/game.php?id=1482522"]
[Date "2017.6.16"]
[Round "-"]
[White "dejami"]
[Black "pcapell"]
[Result "1-0"]
[WhiteElo "1785"]
[BlackElo "1438"]

1. e4 e5 2. Bc4 Qe7 3. b3 Nf6 4. Ba3 d6 5. h3 Nc6 6. Nc3 Be6 7. Bb5 a6 8. Be2
Nd4 9. d3 Qd7 10. Nb1 Be7 11. c3 Nxe2 12. Qxe2 Qc6 13. Qd2 O-O 14. Qe3 Rfd8 15.
g4 d5 16. Bxe7 Re8 17. Bxf6 gxf6 18. Nf3 dxe4 19. dxe4 Rad8 20. O-O Rd7 21. Na3
Red8 22. c4 b6 23. Nc2 Rd3 24. Qe2 Rc3 25. Nb4 Qb7 26. Rad1 Rxd1 27. Rxd1 a5 28.
Nd5 Bxd5 29. Rxd5 Rc1+ 30. Kg2 c6 31. Rd8+ Kg7 32. Qd2 Qe7 33. g5 Kg6 34. Rd7
Qa3 35. Nh4+ Kh5 36. Kg3 fxg5 37. Qe2+ Kh6 38. Nf5+ Kg6 39. Ne7+ Kf6 40. Qh5 Ke6
41. Qg4+ Kf6 42. Ng8+ Kg7 43. Qxg5+ Kh8 44. Kh4 Qf8 45. Rd8 f6 46. Qxf6+ Qxf6+
47. Nxf6+ Kg7 48. Nd7 Kf7 49. Nxe5+ Ke7 50. Rb8 Ra1 51. f4 Rxa2 52. Nxc6+ Kd7
53. Ne5+ Kc7 54. Rh8 Ra3 55. Rxh7+ Kd6 56. Rd7+ Ke6 57. Rb7 Rxb3 58. c5 a4 59.
cxb6 a3 60. Ra7 Kd6 61. Ra6 Kc5 62. b7 Kd4 63. Ra4+ Kc3 64. Rxa3 1-0

[Event "Challenge"]
[Site "http://www.queenalice.com/game.php?id=1490371"]
[Date "2017.8.15"]
[Round "-"]
[White "pcapell"]
[Black "Vin100"]
[Result "1-0"]
[WhiteElo "1436"]
[BlackElo "1522"]

1. e4 e5 2. Nf3 d6 3. Nc3 c6 4. b3 Bg4 5. Be2 Nf6 6. d3 Be7 7. Ba3 Nbd7 8. O-O
O-O 9. Nh4 Bxe2 10. Qxe2 Qa5 11. Bb2 d5 12. Nf5 Bb4 13. Ne7+ Bxe7 14. Qd2 d4 15.
Nb1 1-0

[Event "Challenge"]
[Site "http://www.queenalice.com/game.php?id=1490372"]
[Date "2017.8.15"]
[Round "-"]
[White "Vin100"]
[Black "pcapell"]
[Result "0-1"]
[WhiteElo "1503"]
[BlackElo "1455"]

1. e4 e5 2. Nf3 Nc6 3. c3 Bc5 4. d4 exd4 5. cxd4 Bb4+ 6. Nc3 Nce7 7. a3 Ba5 8.
b4 Bb6 9. Bc4 Nh6 10. O-O d6 11. Bxh6 O-O 12. Be3 Be6 13. d5 Bg4 14. Qd2 Ng6 15.
Be2 Qf6 0-1

[Event "Challenge"]
[Site "http://www.queenalice.com/game.php?id=1492615"]
[Date "2017.9.2"]
[Round "-"]
[White "Vin100"]
[Black "pcapell"]
[Result "1-0"]
[WhiteElo "1528"]
[BlackElo "1473"]

1. e4 e5 2. Nf3 Nc6 3. c3 Bc5 4. d3 Nf6 5. Bg5 O-O 6. Nbd2 d6 7. b4 Bb6 8. Be2
Ne7 9. O-O Ng4 10. d4 exd4 11. cxd4 f6 12. Bc4+ Kh8 13. Be3 d5 14. exd5 Nxd5 15.
Qb3 Be6 16. a4 a6 17. Ne4 Ngxe3 18. fxe3 c6 19. a5 Ba7 20. Rfe1 f5 21. Neg5 Qd7
22. Ne5 Qe7 23. Ngf3 f4 24. exf4 Rxf4 25. Nd3 Raf8 26. Nde5 Qxb4 27. Qxb4 Nxb4
28. Bxe6 Nc2 29. g3 R4f6 30. Nd7 Bxd4+ 31. Nxd4 Re8 32. Nxf6 gxf6 33. Nxc2 1-0

[Event "Challenge"]
[Site "http://www.queenalice.com/game.php?id=1492616"]
[Date "2017.9.2"]
[Round "-"]
[White "pcapell"]
[Black "Vin100"]
[Result "0-1"]
[WhiteElo "1444"]
[BlackElo "1514"]

1. e4 e5 2. Nc3 Nf6 3. Nf3 c6 4. Bc4 d5 5. exd5 Nxd5 6. Nxe5 Qe7 7. Qe2 Nd7 8.
Nxd7 Nxc3 9. Qxe7+ Bxe7 10. dxc3 Bxd7 11. O-O Bf5 12. Bd3 g6 13. Re1 Rd8 14. Bf4
Rd7 15. Re2 O-O 16. Rae1 Re8 17. Bc4 b5 18. Bb3 h6 19. Be5 Bc5 20. Kh1 a5 21. a3
a4 22. Ba2 Red8 23. Bf6 Bxf2 24. Rxf2 Rd1 25. Re2 Bg4 26. h3 Rxe1+ 27. Rxe1 Rd1
28. Rxd1 Bxd1 29. Bb1 g5 30. g4 Kh7 31. Kg1 Kg6 32. Be5 f6 33. Bd6 h5 34. gxh5+
Kxh5 35. Kg2 Kh4 36. Kh2 f5 37. Ba2 Bxc2 38. Be6 f4 39. Bd7 Be4 40. Be6 Bf3 41.
Bg4 Be4 42. Be2 f3 43. Bxf3 Bxf3 44. Be7 Kh5 45. Kg3 Bd5 46. h4 gxh4+ 47. Kh3
Kg6 48. Kxh4 Kf5 49. Kg3 Ke4 50. Kf2 Kd3 51. Bb4 Kc2 52. Ke3 Kxb2 53. Kd4 Kb3
54. Kd3 Bf7 55. Kd4 Kc2 56. Kc5 Bd5 57. Kd4 Kd2 58. Kc5 Kd3 59. Kd6 Kc4 60. Ke5
Bg2 61. Kd6 Bd5 62. Ke5 c5 63. Bxc5 Kxc5 64. Kf4 Kc4 65. Ke5 Bg2 66. Kd6 Kxc3
67. Kc5 Bf1 68. Kb6 Kb3 69. Ka5 Kxa3 70. Kb6 b4 71. Kc5 b3 72. Kd4 b2 73. Ke3
b1=Q 74. Kf2 Qf5+ 75. Ke1 Qf3 0-1

[Event "Challenge"]
[Site "http://www.queenalice.com/game.php?id=1493922"]
[Date "2017.9.10"]
[Round "-"]
[White "pcapell"]
[Black "Vin100"]
[Result "0-1"]
[WhiteElo "1459"]
[BlackElo "1477"]

1. e4 e5 2. Nf3 d6 3. Nc3 c6 4. d3 Bg4 5. Bg5 Be7 6. Be2 Bxg5 7. Nxg5 Bxe2 8.
Nxe2 Qxg5 9. O-O Ne7 10. Nc3 O-O 11. g3 Nd7 12. h4 Qf6 13. Qe2 b5 14. Rae1 a5
15. Qe3 b4 16. Na4 d5 17. Nb6 d4 18. Qg5 Qxg5 19. hxg5 Nxb6 20. b3 a4 21. f3
axb3 22. Re2 bxa2 23. Ra1 c5 24. Kg2 c4 25. f4 f6 26. f5 cxd3 27. cxd3 b3 28.
Rb2 Rac8 29. Rxb3 Rc2+ 30. Kh3 Na4 31. Ra3 Nc3 32. gxf6 Rxf6 33. Ra8+ Rf8 34.
Ra7 Nc6 35. Rc7 Nb4 36. Rb7 Nxd3 37. Kg4 Nf2+ 38. Kg5 Ncxe4+ 39. Kh4 d3 40. Rd7
Nc5 41. Rc7 d2 42. Ra7 Rc1 43. R7xa2 Rxa1 44. Rxd2 Nfe4 45. Rb2 Rh1+ 46. Kg4 h5+
47. Kf3 Rxf5+ 48. Ke3 Rh3 49. Rb8+ Rf8 0-1

[Event "Challenge"]
[Site "http://www.queenalice.com/game.php?id=1495701"]
[Date "2017.9.21"]
[Round "-"]
[White "Vin100"]
[Black "pcapell"]
[Result "1-0"]
[WhiteElo "1684"]
[BlackElo "1431"]

1. e4 e5 2. Nf3 Nc6 3. c3 Nf6 4. d3 d5 5. Nbd2 dxe4 6. Nxe4 Bg4 7. Be2 Be7 8. b4
O-O 9. O-O Qd7 10. b5 Nd8 11. c4 b6 12. Bb2 Bxf3 13. Bxf3 Qf5 14. Qd2 Ne6 15.
Nxf6+ Bxf6 16. Bxa8 Rxa8 17. g3 Qh3 18. Rad1 Bg5 19. f4 exf4 20. gxf4 Qg4+ 21.
Qg2 Qxg2+ 22. Kxg2 Nxf4+ 23. Kf3 Re8 24. Kg4 Ne6 25. d4 g6 26. d5 h5+ 27. Kf3
Nf4 28. Rfe1 Rf8 29. Be5 Nh3 30. Bxc7 Bf6 31. d6 Bc3 32. Re3 Bb4 33. d7 Ng5+ 34.
Kf4 Ne6+ 35. Rxe6 fxe6+ 36. Ke5 Be7 37. d8=Q Bxd8 38. Bxd8 Kf7 39. Rf1+ Ke8 40.
Rxf8+ Kxf8 41. Kxe6 Ke8 42. Bg5 Kf8 43. Kf6 Ke8 44. Kxg6 Kd7 45. Bf4 Kc8 46.
Kxh5 Kd7 47. Kg5 Ke6 48. h4 Kf7 49. Be5 Ke8 50. Kg6 Ke7 51. h5 Ke6 52. Bb8 1-0

[Event "Challenge"]
[Site "http://www.queenalice.com/game.php?id=1517487"]
[Date "2018.2.26"]
[Round "-"]
[White "colonelkurtz"]
[Black "pcapell"]
[Result "1-0"]
[WhiteElo "1470"]
[BlackElo "1425"]

1. c4 Nc6 2. Nf3 e5 3. d4 Bb4+ 4. Bd2 Bxd2+ 5. Qxd2 d6 6. dxe5 Bf5 7. Nd4 Be4 8.
Nc3 dxe5 9. Nxc6 Bxc6 10. Qe3 Qe7 11. Nd5 Bxd5 12. Qb3 Bc6 13. f3 Nf6 14. e4 O-O
15. Rc1 Rad8 16. c5 Rd4 17. Bb5 Qd7 18. a4 a6 19. Be2 b6 20. cxb6 Bxa4 21. Qa3
Bb5 22. Rxc7 Qd6 23. Bxb5 Rd1+ 24. Kf2 Qd2+ 25. Be2 Qd4+ 26. Qe3 Rxh1 27. Qxd4
exd4 28. h3 Rb1 29. Rc2 a5 30. Bd3 Nd7 31. Rc7 Rxb2+ 32. Kg3 Nxb6 33. Rb7 a4 34.
Ra7 Ra2 35. Ra6 Nd7 36. Bc4 Ne5 37. Bxa2 d3 38. Rxa4 h6 39. Kf4 Ng6+ 40. Kf5
Nh4+ 41. Kg4 d2 42. Rd4 Nxg2 43. Rxd2 Ne3+ 44. Kf4 Nf1 45. Rf2 Ra8 46. Bc4 g5+
47. Kg4 Ne3+ 48. Kh5 Nxc4 49. Kxh6 Ra5 50. Rc2 Ne5 51. Rc8# 1-0

[Event "OS INCLIVES"]
[Site "http://www.queenalice.com/game.php?id=1520965"]
[Date "2018.3.24"]
[Round "-"]
[White "adelio"]
[Black "pcapell"]
[Result "1-0"]
[WhiteElo "1633"]
[BlackElo "1425"]

1. d4 d5 2. e4 Nf6 3. e5 Ne4 4. f3 Ng5 5. Bxg5 Bf5 6. g4 Be6 7. h4 f6 8. exf6
exf6 9. f4 fxg5 10. f5 Bd7 11. Nf3 h6 12. hxg5 Bb4+ 13. c3 Ba5 14. b4 Bb6 15.
Ne5 Qe7 16. Be2 Nc6 17. Ng6 Qe4 18. Nxh8 Qxh1+ 19. Kd2 Qe4 20. Ng6 O-O-O 21. Bf3
Qe8 22. Bxd5 Ne7 23. Bxb7+ Kxb7 24. Nxe7 Qxe7 25. gxh6 gxh6 26. Na3 Re8 27. Qh1+
Kc8 28. Qa8# 1-0

[Event "OS INCLIVES"]
[Site "http://www.queenalice.com/game.php?id=1520966"]
[Date "2018.3.24"]
[Round "-"]
[White "pcapell"]
[Black "adelio"]
[Result "0-1"]
[WhiteElo "1423"]
[BlackElo "1583"]

1. e4 c5 2. Bc4 e6 3. d3 Be7 4. Nf3 h5 5. Bd2 a6 6. Nc3 b5 7. Bb3 h4 8. O-O d6
9. Qe2 Nc6 10. a3 Nd4 11. Nxd4 cxd4 12. Na2 Bb7 13. Nb4 a5 14. Na2 a4 15. Nb4
axb3 16. cxb3 d5 17. e5 f6 18. exf6 gxf6 19. Qxe6 Qd6 20. Rae1 Kd8 21. Qxd6+
Bxd6 22. Re2 Nh6 23. Rfe1 Nf5 24. h3 Kd7 25. Re6 Raf8 26. R6e2 Rhg8 27. Kf1 Ng3+
28. fxg3 Rxg3 29. Rf2 f5 30. Bf4 Rgg8 31. Bxd6 Rf6 32. Re7+ Kxd6 33. Rxb7 Ke5
34. Re7+ Kd6 35. Rfe2 Rfg6 36. a4 Rc8 37. axb5 f4 38. Nxd5 Kxd5 39. Rd7+ Kc5 40.
Re5+ Kb4 41. Rb7 Kxb3 42. b6 Kxb2 43. Rb5+ Kc3 44. Rc7+ Rc6 45. Rxc8 Rxc8 46. b7
Rb8 47. Ke2 Kc2 48. Rb4 Kc3 49. Rc4+ Kb3 50. Rxd4 Rxb7 51. Rxf4 Kc3 52. d4 Kc4
53. Rxh4 Rb2+ 54. Kf3 Rb1 55. Re4 Kd5 56. Ke3 Re1+ 57. Kf3 Rxe4 58. Kg3 Kxd4 59.
h4 Ke5 60. Kh3 Kf6 61. g3 Kg6 62. g4 Kf6 63. h5 Kg5 64. h6 Rxg4 65. h7 Rh4+ 66.
Kg3 Rxh7 67. Kf3 Rh4 68. Kg3 Rf4 69. Kh3 Rg4 70. Kh2 Kf4 71. Kh3 Kf3 72. Kh2 Rg3
73. Kh1 Kf2 74. Kh2 Rf3 0-1

[Event "Challenge"]
[Site "http://www.queenalice.com/game.php?id=1527478"]
[Date "2018.5.16"]
[Round "-"]
[White "ZenjiX"]
[Black "pcapell"]
[Result "1-0"]
[WhiteElo "1484"]
[BlackElo "1413"]

1. e4 e5 2. Nf3 Nc6 3. Nc3 Bb4 4. a3 Ba5 5. b4 Bb6 6. Bb5 a6 7. Bxc6 dxc6 8.
Nxe5 Qe7 9. d4 Nf6 10. Bg5 O-O 11. O-O h6 12. Bxh6 gxh6 13. f4 h5 14. Rf3 Bg4
15. Nxg4 hxg4 16. Re3 Rad8 17. Rd3 Rd7 18. e5 Bxd4+ 19. Rxd4 c5 20. exf6 Qe3+
21. Kh1 Rxd4 22. Qxg4+ Kh7 23. Qg7# 1-0

[Event "Challenge"]
[Site "http://www.queenalice.com/game.php?id=1546762"]
[Date "2018.10.22"]
[Round "-"]
[White "gruppodilavoro"]
[Black "pcapell"]
[Result "1-0"]
[WhiteElo "1787"]
[BlackElo "1418"]

1. e4 e5 2. d4 d5 3. dxe5 dxe4 4. Qxd8+ Kxd8 5. Bg5+ Be7 6. Bxe7+ Kxe7 7. Nc3
Ke6 8. Nxe4 Kxe5 9. Bd3 Nf6 10. Nf3+ Kd5 11. c4+ Ke6 12. Nfg5+ Ke7 13. O-O Rd8
14. Rad1 Bg4 15. Rfe1 Bxd1 16. Nxf6+ Kxf6 17. Nxh7# 1-0

[Event "Challenge"]
[Site "http://www.queenalice.com/game.php?id=1546763"]
[Date "2018.10.22"]
[Round "-"]
[White "pcapell"]
[Black "gruppodilavoro"]
[Result "0-1"]
[WhiteElo "1416"]
[BlackElo "1800"]

1. e4 c5 2. Bc4 Nf6 3. d3 e5 4. Nf3 Nc6 5. Ng5 d5 6. Bxd5 Nxd5 7. Qf3 Nf6 8. Nc3
Bg4 9. Qg3 Bd6 10. O-O Nd4 11. f3 Nxc2 12. Rb1 Bh5 13. Qf2 Nd4 14. g4 Bg6 15.
Nd5 Nxd5 16. exd5 Bxd3 17. Be3 Be7 18. Qd2 Bxb1 19. Rxb1 Bxg5 20. Bxg5 Nxf3+ 0-1

[Event "Challenge 1"]
[Site "http://www.queenalice.com/game.php?id=1551624"]
[Date "2018.12.3"]
[Round "-"]
[White "ichtus"]
[Black "pcapell"]
[Result "1-0"]
[WhiteElo "2695"]
[BlackElo "1414"]

1. d4 d5 2. Bf4 Nc6 3. e3 Nf6 4. Nf3 Bg4 5. Be2 e6 6. Nbd2 Bb4 7. c3 Ba5 8. Qa4
O-O 9. h3 Bf5 10. Ne5 Nxe5 11. dxe5 Ne4 12. Nxe4 Bxe4 13. Qxa5 b6 14. Qa4 Bxg2
15. Rg1 Bxh3 16. Bh6 Re8 17. Bxg7 a6 18. Bh6+ Kh8 19. Bg5 Qc8 20. Bf6# 1-0

[Event "Challenge 2"]
[Site "http://www.queenalice.com/game.php?id=1551625"]
[Date "2018.12.3"]
[Round "-"]
[White "pcapell"]
[Black "ichtus"]
[Result "0-1"]
[WhiteElo "1412"]
[BlackElo "2697"]

1. e4 c5 2. Bc4 e6 3. Nf3 d5 4. exd5 exd5 5. Qe2+ Be7 6. Bb5+ Bd7 7. Nc3 Nf6 8.
d3 Bxb5 9. Be3 d4 10. Nxb5 Qa5+ 11. Bd2 Qxb5 12. b3 O-O 13. Qxe7 Re8 14. Qxe8+
Qxe8+ 15. Kd1 Nc6 16. Re1 Qd7 17. Bg5 Nd5 18. Ne5 Nxe5 19. Rxe5 f6 20. Rxd5 Qxd5
21. Bf4 Qxg2 0-1

[Event "Challenge"]
[Site "http://www.queenalice.com/game.php?id=1558213"]
[Date "2019.1.27"]
[Round "-"]
[White "cyrano"]
[Black "pcapell"]
[Result "1-0"]
[WhiteElo "1634"]
[BlackElo "1410"]

1. e4 e5 2. d4 Qe7 3. d5 Qb4+ 4. c3 Qxe4+ 5. Be3 d6 6. Nf3 Bg4 7. Nbd2 Qxd5 8.
h3 Bf5 9. c4 Qa5 10. Nh4 e4 11. Qh5 Nf6 12. Qg5 h6 13. Qxf5 Qxf5 14. Nxf5 g6 15.
Nd4 c5 16. Nb5 Na6 17. f3 exf3 18. gxf3 O-O-O 19. h4 Nh5 20. Bh3+ Kb8 21. O-O-O
Nc7 22. Ne4 a6 23. Nbxd6 Be7 24. Nxf7 Rxd1+ 25. Rxd1 Rf8 26. Ne5 b6 27. Nc6+ Kb7
28. Nxe7 Rxf3 29. Nd6+ Ka7 30. Ndc8+ Kb7 31. Nd6+ Kb8 32. Nc6+ Ka8 33. Bc8 1-0

[Event "Challenge"]
[Site "http://www.queenalice.com/game.php?id=1561614"]
[Date "2019.2.19"]
[Round "-"]
[White "pcapell"]
[Black "K_I_D"]
[Result "0-1"]
[WhiteElo "1403"]
[BlackElo "2091"]

1. e4 c5 2. d3 e6 3. Nf3 Nc6 4. Nc3 d5 5. Bg5 Be7 6. exd5 exd5 7. Qe2 d4 8. Nb5
Qa5+ 9. Qd2 Qxb5 10. b3 Qb4 11. Qxb4 Nxb4 12. Kd1 Nf6 13. a3 Nbd5 14. Be2 Nc3+
15. Ke1 O-O 16. h4 Re8 17. Ne5 h6 18. Bxf6 Bxf6 19. f4 Nxe2 20. Kf2 Nxf4 21. g3
Rxe5 22. gxf4 Re3 23. Rae1 Bg4 24. Rxe3 dxe3+ 25. Kxe3 Re8+ 26. Kd2 Re2+ 27. Kd1
Bb2 28. c3 Rh2+ 0-1

[Event "Challenge"]
[Site "http://www.queenalice.com/game.php?id=1562904"]
[Date "2019.3.2"]
[Round "-"]
[White "recchdegomm1"]
[Black "pcapell"]
[Result "1-0"]
[WhiteElo "1391"]
[BlackElo "1401"]

1. e4 e5 2. Nf3 Nc6 3. Bc4 Bb4 4. c3 Bc5 5. O-O Nf6 6. d4 d5 7. h4 Bg4 8. b4 Bd6
9. exd5 Bxf3 10. Qxf3 Ne7 11. Bb5+ c6 12. dxc6 O-O 13. cxb7 Rb8 14. Bg5 e4 15.
Qh3 Ng6 16. d5 Nxd5 17. Bxd8 1-0